[Event "TUN-ch U16"]
[Site "Monastir"]
[Date "2021.09.01"]
[Round "1"]
[White "Zenaidi, Mohtadi"]
[Black "Ezzeddine, Mohamed Amine"]
[Result "0-1"]
[WhiteElo "1059"]
[BlackElo "1504"]
[PlyCount "93"]
[EventDate "2021.09.01"]
[EventType "swiss"]
[EventRounds "9"]
[EventCountry "TUN"]
[SourceTitle "EXT 2023"]
[Source "ChessBase"]
[SourceDate "2022.10.05"]
[SourceVersion "1"]
[SourceVersionDate "2022.10.05"]
[SourceQuality "1"]

1. e4 c5 2. Nf3 d6 3. d4 cxd4 4. Bb5+ Bd7 5. Bxd7+ Nxd7 6. Nxd4 Ngf6 7. Nc3 g6 8. 0-0 Bg7 9. Be3 0-0 10. f3 Ne5 11. b3 Qa5 12. Nce2 Rfc8 13. Ng3 Nc6 14. Kh1 Qc3 15. Bg1 Nxd4 16. Qxd4 Qxd4 17. Bxd4 Rxc2 18. Rfc1 Rac8 19. Bb2 R8c6 20. Rxc2 Rxc2 21. Bd4 Nh5 22. Bxg7 Kxg7 23. Nxh5+ gxh5 24. Kg1 Kf6 25. h3 Ke5 26. f4+ Kd4 27. Rd1+ Kc3 28. e5 Rxa2 29. exd6 exd6 30. Rxd6 Kxb3 31. Rf6 a5 32. Rb6+ Kc4 33. Rxb7 a4 34. Rxf7 a3 35. Rxh7 Re2 36. Ra7 Kb3 37. Kh2 a2 38. f5 Rf2 39. Rb7+ Kc2 40. Ra7 Kb1 41. Kg3 Rxf5 42. Rb7+ Kc2 43. Ra7 Kb2 44. Rb7+ Kc3 45. Ra7 Kb3 46. Rb7+ Ka4 47. Ra7+ 0-1